| 000 | 00938nam1a22002171i 4500 | ||
|---|---|---|---|
| 001 | rc\2654787 | ||
| 005 | 20240726035804.0 | ||
| 035 | _a(NLR Aleph) 006962102 | ||
| 090 |
_a5354730 _c5354730 |
||
| 100 | _a20110614d1931 |||y0rusy50 ca | ||
| 101 | 0 | _arus | |
| 102 | _aRU | ||
| 105 | _ay j ||||| | ||
| 200 | 1 |
_a[Лекции] _eЛекции 1, 5-6 _fТомск. радиоцентр. Раб. ун-т по радио. Курсы по повышению квалификации угольной промышленности |
|
| 210 |
_aТомск _cБ. и. _d1931 _g3-я гостип. |
||
| 215 | _d22 см | ||
| 710 | 0 | 2 |
_aКурсы по повышению квалификации административно- и инженерно-технического персонала угольной промышленности _cТомск |
| 801 | 0 |
_aRU _bNLR _gpsbo |
|
| 801 | 1 |
_aRU _bELAR _2rusmarc |
|
| 852 |
_aNLR _j32-17/177 |
||
| 942 | _cBOOK | ||